000 00851nam a2200229 u 4500
001 000778707
003 AM-YeHGA
005 20250617144000.0
008 101214s1964 |||| |||||||||| | rus c
040 _aAM-YeHGA
041 0 _arus
100 1 _aТынянов, Юрий Николаевич
_d1894-1943
245 1 0 _aКюхля :
_b[Роман] /
_cЮ.Н. Тынянов.
260 _aМосква ;
_aЛенинград :
_bХудожественная литература,
_c1964.
300 _a364 стр. :
_bилл. ;
_c20 см.
440 0 _aБиблиотека исторического романа
600 1 4 _aКюхельбекер, Вильгельм
_d1797-1846
650 1 4 _aРусская литература
_xРоман
653 0 _aДекабристы
653 0 _aПисатели русские
090 _c286749
999 _c285087
_d285087